Sports Quiz

Random Sports or NFL Quiz

NFL Cheerleading Teams Quiz Stats

 Plays Quiz not verified by Sporcle

Challenge
Share
Tweet
Embed
Score 0/9 Timer 05:00
0 Plays Today
NFL Team Cheerleading Team % Correct
Cincinnati BengalsCincinnati Ben-Gals
57.1%
Oakland RaidersOakland Raiderettes
53.6%
Seattle SeahawksSeattle Sea Gals
35.7%
Carolina PanthersCarolina Topcats
28.6%
Jacksonville JaguarsJacksonville ROAR
25%
New York JetsNew York Jet Flight Crew
21.4%
Los Angeles ChargersLos Angeles Charger Girls
14.3%
New Orleans SaintsNew Orleans Saintsations
14.3%
San Francisco 49ersSan Francisco Gold Rush
14.3%

You're not logged in!

Compare scores with friends on all Sporcle quizzes.
OR
Log In

You Might Also Like...

Show Comments

Extras

Top Quizzes Today


Score Distribution

Your Account Isn't Verified!

In order to create a playlist on Sporcle, you need to verify the email address you used during registration. Go to your Sporcle Settings to finish the process.

Report this User

Report this user for behavior that violates our Community Guidelines.

Details: